LIBRARY & INFORMATION CENTRE, KCAET, TAVANUR

ONLINE PUBLIC ACCESS CATALOGUE (OPAC)

Development And Quality Evaluation of Microencapsulated Banana Pseudostem Juice Powder (Record no. 14887)

MARC details
000 -LEADER
fixed length control field 00639nam a22001697a 4500
003 - CONTROL NUMBER IDENTIFIER
control field OSt
088 ## - REPORT NUMBER
Report number T 352
100 ## - MAIN ENTRY--AUTHOR NAME
Personal name SARANYA S
245 ## - TITLE STATEMENT
Title Development And Quality Evaluation of Microencapsulated Banana Pseudostem Juice Powder
260 ## - PUBLICATION, DISTRIBUTION, ETC. (IMPRINT)
Place of publication Tavanur 2017
Name of publisher Kelappaji College of Agricultural Engineering and Technology
300 ## - PHYSICAL DESCRIPTION
Number of Pages 195
500 ## - GENERAL NOTE
General note Development And Quality Evaluation of Micro encapsulated Banana Pseudostem Juice Powder
520 ## - SUMMARY, ETC.
Summary, etc Development And Quality Evaluation of Micro encapsulated Banana Pseudostem Juice Powder
700 ## - ADDED ENTRY--PERSONAL NAME
Personal name Dr. Sudheer K.P (Guide)
942 ## - ADDED ENTRY ELEMENTS (KOHA)
Koha item type Theses
Holdings
Collection code Home library Current library Shelving location Full call number Accession Number Koha item type Public note
Reference KAUAET KAUAET Reference 664 SAR/DE T 352 Theses M.Tech Thesis
free website counter